Використання віршованих матеріалів при навчанні лексики англійської мови учнів початкових класів (Запис № 285338)
[ простий вигляд ]
| 000 -LEADER | |
|---|---|
| fixed length control field | 02275nam a22001577a 4500 |
| 041 ## - LANGUAGE CODE | |
| Language code of text/sound track or separate title | ukr |
| 080 ## - UNIVERSAL DECIMAL CLASSIFICATION NUMBER | |
| Universal Decimal Classification number | 09 |
| 090 ## - LOCALLY ASSIGNED LC-TYPE CALL NUMBER (OCLC); LOCAL CALL NUMBER (OCLC) | |
| Local cutter number (OCLC) ; Book number/undivided call number, CALL (RLIN) | КАР |
| 100 ## - MAIN ENTRY--PERSONAL NAME | |
| Personal name | Карплюк, Ю. М. |
| 245 ## - TITLE STATEMENT | |
| Title | Використання віршованих матеріалів при навчанні лексики англійської мови учнів початкових класів |
| 260 ## - PUBLICATION, DISTRIBUTION, ETC. (IMPRINT) | |
| Place of publication, distribution, etc | Острог |
| Name of publisher, distributor, etc | КАФ |
| Date of publication, distribution, etc | 2013 |
| 300 ## - PHYSICAL DESCRIPTION | |
| Extent | 68 |
| 520 ## - SUMMARY, ETC. | |
| Summary, etc | Вступ.<br/>Розділ І. Теоретичні аспекти навчання лексики англійської мови учнів початкових класів з використанням віршованого матеріалу.<br/>1.1. Психологічні передумови навчання молодших школярів лексичного матеріалу англійською мовою віршів та пісень<br/>1.2. Роль віршованого матеріалу у навчанні лексики англійської мови учнів початкової школи<br/>Висновки до розділу 1<br/>Розділ ІІ. Практичні аспекти використання віршованих матеріалів при навчанні лексики англійської мови учнів початкових класів.<br/>2.1. Організація процесу навчання лексики англійської мови на основі віршованого матеріалу у початковій школі<br/>2.2. Класифікація та розробка комплексу вправ при навчанні лексики англійської мови з використанням віршованих матеріалів<br/>2.3. Методичні рекомендації щодо формування лексики англійської мови учнів початкових класів на основі віршованого матеріалу<br/>Висновки до розділу 2<br/>Розділ ІІІ. Страхування виробничих ризиків.<br/>Висновки.<br/>Список використаних джерел. |
| -- | вірш, методика, лексика |
| 650 ## - SUBJECT ADDED ENTRY--TOPICAL TERM | |
| Topical term or geographic name as entry element | Research Papers |
| 942 ## - ADDED ENTRY ELEMENTS (KOHA) | |
| Koha item type | Книги |
| Withdrawn status | Lost status | Source of classification or shelving scheme | Damaged status | Not for loan | Home library | Current library | Date acquired | Source of acquisition | Cost, normal purchase price | Total Checkouts | Full call number | Barcode | Date last seen | Price effective from | Koha item type |
|---|---|---|---|---|---|---|---|---|---|---|---|---|---|---|---|
| Universal Decimal Classification | ВІЛ - Відділ іноземн. літератури НБ | ВІЛ - Відділ іноземн. літератури НБ | 12/06/2013 | Акт №7 | 1.00 | 09 | 215285 | 09/11/2021 | 12/06/2013 | Книги |